[Event "4NCL Division 2b"]
[Site "Hinckley Island ENG"]
[Date "2014.01.11"]
[Round "3.83"]
[White "Cenal Gutierrez, Ruben"]
[Black "Thompson, Ian D"]
[Result "1-0"]
[WhiteElo "2234"]
[BlackElo "2228"]
[PlyCount "137"]
[EventDate "2014.01.11"]
[WhiteTeam "Hackney"]
[BlackTeam "BCM Dragons (1)"]

1. d4 d5 2. Nf3 Nf6 3. Bf4 c5 4. c3 Qb6 5. Qb3 Nc6 6. e3 c4 7. Qxb6 axb6 8.
Nbd2 b5 9. a3 b4 10. cxb4 Nxb4 11. Rc1 Nc6 12. b3 cxb3 13. Bb5 Bd7 14. Nxb3 e6
15. a4 Bb4+ 16. Nfd2 Ne4 17. f3 Nxd2 18. Nxd2 O-O 19. Rb1 Be7 20. Ke2 f6 21.
Bg3 e5 22. Nb3 exd4 23. exd4 Bf5 24. Rb2 Ba3 25. Ra2 Bb4 26. Be1 Bxe1 27. Bxc6
bxc6 28. Rxe1 Rfb8 29. Nc5 Rb4 30. Rd1 Ra5 31. Rdd2 Kf7 32. Ke3 Rc4 33. g4 Bc8
34. Rdc2 Ke7 35. Rxc4 dxc4 36. Rc2 Be6 37. Nxe6 Kxe6 38. Rxc4 Kd6 39. Kd3 h5
40. Rc5 Rxa4 41. Rxh5 g5 42. Rh6 Ke7 43. h4 gxh4 44. Rxh4 Ra1 45. Ke4 Ke6 46.
Rh6 Re1+ 47. Kf4 Rg1 48. Rh5 Rd1 49. Ke3 Re1+ 50. Kd2 Ra1 51. Rc5 Kd6 52. Ke3
Rd1 53. Ke4 Re1+ 54. Kf5 Re3 55. f4 Rg3 56. Ra5 Rd3 57. Ra4 Rg3 58. Ra8 Ke7 59.
Ra7+ Kd6 60. Rf7 Kd5 61. Rxf6 Rc3 62. g5 Kxd4 63. Re6 c5 64. g6 Rg3 65. Kf6 c4
66. g7 c3 67. Rc6 Rg4 68. f5 Kd3 69. Kf7 1-0

[Event "4NCL Division 2b"]
[Site "Hinckley Island ENG"]
[Date "2014.01.11"]
[Round "3.84"]
[White "Frostick, Clive A"]
[Black "Malhotra, Tarun"]
[Result "1/2-1/2"]
[WhiteElo "2176"]
[BlackElo "1983"]
[PlyCount "135"]
[EventDate "2014.01.11"]
[WhiteTeam "BCM Dragons (1)"]
[BlackTeam "Hackney"]

1. e4 c5 2. Nf3 Nc6 3. d4 cxd4 4. Nxd4 Nf6 5. Nc3 e5 6. Ndb5 d6 7. Bg5 a6 8.
Na3 b5 9. Bxf6 gxf6 10. Nd5 f5 11. c3 Bg7 12. exf5 Bxf5 13. Nc2 O-O 14. Nce3
Be6 15. g3 f5 16. Qh5 Ra7 17. Bg2 Ne7 18. O-O Nxd5 19. Bxd5 Bxd5 20. Nxd5 f4
21. gxf4 exf4 22. Rfe1 Raf7 23. Rad1 Kh8 24. Kh1 Qd7 25. Qf3 Be5 26. Rg1 Rg8
27. Rxg8+ Kxg8 28. Rg1+ Kh8 29. Nb4 Qc8 30. Qd5 Rg7 31. Rxg7 Kxg7 32. f3 Qf5
33. Qd3 Qc8 34. Nd5 Qc5 35. Kg2 h5 36. Qe4 Qc6 37. Qd3 Qd7 38. Qe4 Qf7 39. b3
h4 40. Kf1 h3 41. Ke2 a5 42. Kd3 a4 43. Kc2 axb3+ 44. Kxb3 Kh6 45. Qd3 Qh5 46.
Kb4 Qg5 47. Kxb5 Qg2 48. Kc6 Qxh2 49. Ne7 Qg1 50. Nf5+ Kg5 51. Nxd6 Bxd6 52.
Qxd6 h2 53. Qe7+ Kg6 54. Qe4+ Kg7 55. Qe5+ Kh7 56. Qh5+ Kg8 57. Qe8+ Kg7 58.
Qe5+ Kh6 59. Qh8+ Kg5 60. Qd8+ Kf5 61. Qf8+ Ke5 62. Qe7+ Kf5 63. Qf8+ Kg5 64.
Qd8+ Kh6 65. Qh8+ Kg6 66. Qg8+ Kh5 67. Qh8+ Kg5 68. Qd8+ 1/2-1/2

[Event "4NCL Division 2b"]
[Site "Hinckley Island ENG"]
[Date "2014.01.11"]
[Round "3.85"]
[White "Walker, Nicholas P"]
[Black "Coates, Kenneth G"]
[Result "1-0"]
[WhiteElo "2167"]
[BlackElo "2165"]
[PlyCount "67"]
[EventDate "2014.01.11"]
[WhiteTeam "Hackney"]
[BlackTeam "BCM Dragons (1)"]

1. Nf3 Nf6 2. b3 d5 3. Bb2 Bf5 4. e3 e6 5. Be2 Be7 6. Nh4 Nc6 7. Nxf5 exf5 8.
d4 O-O 9. O-O Qd7 10. c4 Rad8 11. Nc3 Rfe8 12. Rc1 f4 13. cxd5 Nxd5 14. Nxd5
Qxd5 15. Bf3 Qd6 16. Bxc6 bxc6 17. Qf3 fxe3 18. fxe3 Bf6 19. Rxc6 Qe7 20. Kf2
Rd5 21. Ba3 Qd7 22. Rxc7 Qxc7 23. Qxd5 Qxh2 24. Bd6 Qh6 25. Bf4 Qg6 26. Kg1 h6
27. Rc1 Re7 28. Qc5 Qe4 29. Qc8+ Re8 30. Qc6 Qe7 31. d5 g5 32. Bg3 Be5 33. d6
Qd8 34. d7 1-0

[Event "4NCL Division 2b"]
[Site "Hinckley Island ENG"]
[Date "2014.01.11"]
[Round "3.86"]
[White "Tavares, Shawn P"]
[Black "Tasker, Michael W"]
[Result "1-0"]
[WhiteElo "2139"]
[BlackElo "2074"]
[PlyCount "83"]
[EventDate "2014.01.11"]
[WhiteTeam "BCM Dragons (1)"]
[BlackTeam "Hackney"]

1. d4 Nf6 2. Nf3 g6 3. c4 Bg7 4. Nc3 O-O 5. e4 d6 6. h3 c5 7. d5 e6 8. Bd3 a6
9. a4 Qa5 10. O-O exd5 11. exd5 Re8 12. Bf4 Qc7 13. Re1 Nbd7 14. Rxe8+ Nxe8 15.
Qe2 Ndf6 16. Re1 Bd7 17. Ng5 Qd8 18. Qf3 h6 19. Nge4 Bf5 20. Qe3 Nxe4 21. Bxe4
Bxe4 22. Nxe4 g5 23. Bh2 Qd7 24. Qe2 Rd8 25. f4 gxf4 26. Bxf4 Qf5 27. Qd2 Qg6
28. Kh1 Kf8 29. Qa5 Rd7 30. Qd2 Re7 31. Nc3 Rxe1+ 32. Qxe1 Qf6 33. Qg3 Qg6 34.
Qe3 h5 35. b3 Bd4 36. Qf3 h4 37. Ne4 Nf6 38. Bxd6+ Kg7 39. Bxc5 Be5 40. Nxf6
Qb1+ 41. Bg1 Bxf6 42. d6 1-0

[Event "4NCL Division 2b"]
[Site "Hinckley Island ENG"]
[Date "2014.01.11"]
[Round "3.87"]
[White "Bowmer, Kevin"]
[Black "Purdon, Colin"]
[Result "1/2-1/2"]
[WhiteElo "2084"]
[BlackElo "2128"]
[PlyCount "63"]
[EventDate "2014.01.11"]
[WhiteTeam "Hackney"]
[BlackTeam "BCM Dragons (1)"]

1. e4 e6 2. d4 d5 3. Nd2 Be7 4. Ngf3 Nf6 5. e5 Nfd7 6. Bd3 c5 7. c3 Nc6 8. O-O
g5 9. dxc5 g4 10. Nd4 Ndxe5 11. Bb5 Bd7 12. N2b3 h5 13. f4 Nc4 14. Kh1 f5 15.
Re1 Rh6 16. Qe2 Nxd4 17. Bxd7+ Qxd7 18. Nxd4 Kf7 19. b3 Na5 20. Be3 Re8 21. Qd2
Nc6 22. b4 a6 23. Nb3 h4 24. a4 h3 25. g3 Bf6 26. Nd4 Rhh8 27. Rad1 Rd8 28. Qc2
Rhe8 29. Re2 Re7 30. Rde1 Rb8 31. Bf2 Rbe8 32. Kg1 1/2-1/2